[Event "Rio de Janeiro op 3rd"]
[Site "Rio de Janeiro"]
[Date "2024.04.26"]
[Round "7"]
[White "Urquiza, Marcello de Albuque"]
[Black "Pereira, Arthur Macedo"]
[Result "1-0"]
[WhiteElo "2005"]
[BlackElo "1902"]
[PlyCount "47"]
[EventDate "2024.04.22"]
[EventType "swiss"]
[EventRounds "9"]
[EventCountry "BRA"]
[SourceTitle "CB18_2024"]
[SourceDate "2024.05.01"]
[SourceVersion "1"]
[SourceVersionDate "2024.05.01"]
[SourceQuality "2"]

1. e4 c5 2. Nf3 d6 3. d4 cxd4 4. Qxd4 Nc6 5. Qe3 Nf6 6. c4 g6 7. Nc3 Bg7 8. Be2 Bg4 9. 0-0 0-0 10. Rb1 Nd7 11. Rd1 Qa5 12. Rd5 Qb6 13. Rb5 Qd8 14. Rd5 Nb6 15. Rd1 Bxf3 16. gxf3 f5 17. Nd5 Nxd5 18. Rxd5 f4 19. Qb3 Kh8 20. Bd2 e6 21. Rxd6 Qg5+ 22. Kh1 Qh4 23. Rg1 Qxf2 24. Rg2 1-0

[Event "Niteroi op 3rd"]
[Site "Niteroi"]
[Date "2023.09.07"]
[Round "6"]
[White "Chanduvi Loayza, Fidel Maximo"]
[Black "Pereira, Arthur Macedo"]
[Result "0-1"]
[WhiteElo "1958"]
[BlackElo "1720"]
[PlyCount "43"]
[EventDate "2023.09.04"]
[EventType "swiss"]
[EventRounds "9"]
[EventCountry "BRA"]
[SourceTitle "EXT 2024"]
[Source "ChessBase"]
[SourceDate "2023.10.10"]
[SourceVersion "1"]
[SourceVersionDate "2023.10.10"]
[SourceQuality "1"]

1. e4 c5 2. Nf3 e6 3. d4 cxd4 4. Nxd4 Nc6 5. Nb5 d6 6. Bf4 e5 7. Be3 a6 8. N5a3 b5 9. c3 Nf6 10. Bg5 Be7 11. Bxf6 Bxf6 12. Nc2 Be6 13. Bd3 0-0 14. 0-0 Bg5 15. Nd2 Rb8 16. Qe2 Ne7 17. Rfd1 Qc7 18. Nf3 Bh6 19. Nh4 g6 20. Nb4 Qb6 21. Nf5 Bxf5 22. exf5 0-1

[Event "Niteroi op 2nd"]
[Site "Niteroi"]
[Date "2022.09.01"]
[Round "1"]
[White "Terao, Juliana Sayumi"]
[Black "Pereira, Arthur Macedo"]
[Result "1-0"]
[WhiteElo "2240"]
[BlackElo "1703"]
[PlyCount "67"]
[EventDate "2022.09.01"]
[EventType "swiss"]
[EventRounds "9"]
[EventCountry "BRA"]
[SourceTitle "CBM 210 Extra"]
[Source "ChessBase"]
[SourceDate "2022.11.30"]
[SourceVersion "1"]
[SourceVersionDate "2022.11.30"]
[SourceQuality "1"]

1. e4 c5 2. c3 d5 3. exd5 Qxd5 4. d4 e6 5. Nf3 Nf6 6. Be3 cxd4 7. cxd4 Bb4+ 8. Nc3 Nc6 9. Bd3 0-0 10. 0-0 Bxc3 11. bxc3 h6 12. c4 Qd6 13. Qd2 Rd8 14. Rfd1 Kf8 15. Rac1 e5 16. dxe5 Nxe5 17. Nxe5 Qxe5 18. Qb4+ Kg8 19. Bh7+ Kxh7 20. Rxd8 Ng4 21. Qd6 Qxd6 22. Rxd6 Nxe3 23. fxe3 Be6 24. a3 Kg6 25. c5 Kf6 26. Rb1 Rb8 27. c6 b6 28. c7 Rc8 29. Re1 Ke7 30. Rd4 Bd7 31. Kf2 f5 32. e4 fxe4 33. Rdxe4+ Kf6 34. Rd4 1-0